| 000 | 01116nam a22002537a 4500 | ||
|---|---|---|---|
| 005 | 20170124103151.0 | ||
| 010 | _aB-145442 | ||
| 020 |
_c250.00 _a8185726744 |
||
| 035 | _aB-145442 | ||
| 037 | _bCen Lib/Ret | ||
| 040 |
_aDPL _bHN |
||
| 082 |
_a500 _bमुल्लेगु |
||
| 100 |
_aमुल्ले, गुणाकार _988029 |
||
| 245 |
_aभारतीय इतिहास में विज्ञान / _cगुणाकार मुल्ले |
||
| 246 |
_abhartiya itihas me vigyaan / _bby Gunakar Mulle |
||
| 260 |
_aदिल्ली _bयात्री प्रकाशन _c2005 |
||
| 270 |
_bदिल्ली _aबी-131, सादतपुर, पो. गोकुलपुरी _e110094 |
||
| 300 |
_a219पृ.: _c18सेमी(सजिल्द ) _bसचित्र |
||
| 650 |
_aविज्ञान और समाज _x _z _988030 |
||
| 650 |
_aविज्ञान--इतिहास _9239 |
||
| 650 |
_aScience and Society _988031 |
||
| 650 |
_aScience - History _917841 |
||
| 942 |
_2ddc _cHN _h500 _mमुल्लेगु |
||
| 999 |
_c119997 _d119997 |
||